Maṇmar̥añña bhāṣākavikaḷ. (Record no. 61483)

MARC details
000 -LEADER
fixed length control field 00540cam a22002171 4500
001 - CONTROL NUMBER
control field sa 65000295
003 - CONTROL NUMBER IDENTIFIER
control field DLC
005 - DATE AND TIME OF LATEST TRANSACTION
control field 20260227112102.0
008 - FIXED-LENGTH DATA ELEMENTS--GENERAL INFORMATION
fixed length control field 890816m19639999ii 000 0 malo
010 ## - LIBRARY OF CONGRESS CONTROL NUMBER
LC control number sa 65000295
035 ## - SYSTEM CONTROL NUMBER
System control number (OCoLC)20185157
040 ## - CATALOGING SOURCE
Original cataloging agency DLC
Transcribing agency WaU
Modifying agency DLC
042 ## - AUTHENTICATION CODE
Authentication code premarc
050 00 - LIBRARY OF CONGRESS CALL NUMBER
Classification number PL4718.1
Item number .K7
100 2# - MAIN ENTRY--PERSONAL NAME
Personal name Krishna Iyer, Chennithala,
Dates associated with a name 1889-
245 10 - TITLE STATEMENT
Title Maṇmar̥añña bhāṣākavikaḷ.
260 ## - PUBLICATION, DISTRIBUTION, ETC.
Date of publication, distribution, etc. [1963-
300 ## - PHYSICAL DESCRIPTION
Extent v.
Dimensions 18 cm.
500 ## - GENERAL NOTE
General note In Malayalam.
650 #0 - SUBJECT ADDED ENTRY--TOPICAL TERM
Topical term or geographic name entry element Poets, Malayalam.

No items available.

Powered by Koha